000
00333nam a2200145Ia 4500
008
191201s1988 xx 000 0 und d
082
_a
530
100
_a
SABHARWAL,RC
245
0
_a
Text Book of Modern Physics
250
_a
1st
260
_a
N. Delhi
_b
R Chand and Co
_c
1988
300
_a
MISC
650
_a
Applied
942
_2
ddc
_c
BK
999
_c
521
_d
521